00290nam a2200097Ia 45000010005000000080041000050820019000461000032000652450073000972600022001702881241024s9999 xx 000 0 und d a664/N468n/2012 aNestle good food, good life 0aNestle in society : Creating share value and meeting our commitments bSwitzerlandc2012